Cuentas y cuentos--cuida de las cuentas públicas : (Registro nro. 31065)

Detalles MARC
000 -LEADER
fixed length control field 01844nam a22003377a 4500
003 - CONTROL NUMBER IDENTIFIER
control field OSt
005 - DATE AND TIME OF LATEST TRANSACTION
control field 20250813131801.0
008 - FIXED-LENGTH DATA ELEMENTS--GENERAL INFORMATION
fixed length control field 250813t |||a|||| |||| 00| 0 spa d
020 ## - INTERNATIONAL STANDARD BOOK NUMBER
International Standard Book Number 9789585263376
037 ## - SOURCE OF ACQUISITION
Source of stock number/acquisition Donación
040 ## - CATALOGING SOURCE
Original cataloging agency CO-JMCR
Language of cataloging spa
Transcribing agency CO-JMCR
Modifying agency CO-JMCR
Description conventions rda
041 0# - LANGUAGE CODE
Language code of text/sound track or separate title spa
082 04 - DEWEY DECIMAL CLASSIFICATION NUMBER
Edition number 23
Classification number 657.61
Item number S93c
100 1# - MAIN ENTRY--PERSONAL NAME
Personal name Súarez Pineda, Jesús Alberto,
Relator term autor.
9 (RLIN) 44267
245 ## - TITLE STATEMENT
Title Cuentas y cuentos--cuida de las cuentas públicas :
Remainder of title custodia de la probidad /
Statement of responsibility, etc. Jesús Alberto Suárez Pineda ... [et al.]
250 ## - EDITION STATEMENT
Edition statement 1° edición
264 ## - PRODUCTION, PUBLICATION, DISTRIBUTION, MANUFACTURE, AND COPYRIGHT NOTICE
Place of production, publication, distribution, manufacture Bogotá :
Name of producer, publisher, distributor, manufacturer Fundación Universitaria San Mateo,
Date of production, publication, distribution, manufacture, or copyright notice 2020.
300 ## - PHYSICAL DESCRIPTION
Extent 183 páginas :
Other physical details Ilustraciones ;
Dimensions 24 cm.
505 ## - FORMATTED CONTENTS NOTE
Formatted contents note 1.Hacienda pública - Contabilidad -- 2.Administración pública -- 3.Contabilidad -- 4.Finanzas I. Suárez Pineda, Jesús Alberto - II. Serie
520 3# - SUMMARY, ETC.
Summary, etc. Cuentas y cuentos. Cuida de las cuentas públicas: custodia de la probidad. Gira en torno a la figura mítica de Jano, el dios romano de las puertas, y pretende hacer un reportaje sobre la historia de la probidad en la contabilidad pública colombiana. Preside todo lo que comienza: enero lleva su nombre por el primer mes del año, por ello le está consagrado (lanuarius, enero); preside, además, todo emprendimiento, por su rol de creador, ofreciendo oportunidades.
650 24 - SUBJECT ADDED ENTRY--TOPICAL TERM
Source of heading or term JMCR
Topical term or geographic name entry element Hacienda Pública
650 24 - SUBJECT ADDED ENTRY--TOPICAL TERM
Source of heading or term JMCR
Topical term or geographic name entry element Finanzas
700 1# - ADDED ENTRY--PERSONAL NAME
Personal name Cárdenas Chavez, María Luz,
Relator term autora.
9 (RLIN) 44268
700 1# - ADDED ENTRY--PERSONAL NAME
Personal name Méndez Parada, Vernon Weis,
Relator term autor.
9 (RLIN) 44269
700 1# - ADDED ENTRY--PERSONAL NAME
Personal name Rojas Ávila, Luisa Katherine,
Relator term autora.
9 (RLIN) 44270
700 1# - ADDED ENTRY--PERSONAL NAME
Personal name Castillo Caicedo, Iván Jesús,
Relator term autor.
9 (RLIN) 44271
700 1# - ADDED ENTRY--PERSONAL NAME
Personal name Wilches Cuervo, Claudia Patricia,
Relator term autora.
9 (RLIN) 44272
700 1# - ADDED ENTRY--PERSONAL NAME
Personal name Contento Sanz, Laura,
Relator term autora.
9 (RLIN) 44273
700 1# - ADDED ENTRY--PERSONAL NAME
Personal name Varela Urrego, Jorge de Jesús,
Relator term autor.
9 (RLIN) 44274
942 ## - ADDED ENTRY ELEMENTS (KOHA)
Source of classification or shelving scheme Dewey Decimal Classification
Koha item type Books
Existencias
Withdrawn status Lost status Source of classification or shelving scheme Damaged status Not for loan Collection code Home library Current library Shelving location Date acquired Source of acquisition Total Checkouts Full call number Barcode Date last seen Copy number Price effective from Koha item type
    Dewey Decimal Classification     Non-fiction Biblioteca Pública José María del Castillo y Rada Biblioteca Pública José María del Castillo y Rada Book Cart 04/14/2025 Donación   657.61 S93c 201812661 08/13/2025 Ej.1 08/13/2025 Books